| 000 | 003260000a22001330004500 | ||
|---|---|---|---|
| 003 | MACL | ||
| 040 | _aMACL | ||
| 090 |
_c9044 _d9043 |
||
| 100 | _aShastri, J L | ||
| 245 |
_aThe PadmaP̜urana _bAncient Indian Tradition & Mythology |
||
| 260 |
_bMotilal Banarsidass Publishers _c1990 |
||
| 650 | _aReligion | ||
| 942 |
_cBOOK _k294.59 |
||
| 999 |
_c8989 _d8989 |
||